La betterave à sucre dans le périmètre irrigué du Haut Chéliff (notice nᵒ 13561)
[ vue normale ]
| 000 -LEADER | |
|---|---|
| fixed length control field | 00465nam a2200157Ia 4500 |
| 008 - FIXED-LENGTH DATA ELEMENTS--GENERAL INFORMATION | |
| fixed length control field | 160105s9999 xx 000 0 und d |
| 041 ## - LANGUAGE CODE | |
| Language code of text/sound track or separate title | fre |
| 100 ## - MAIN ENTRY--PERSONAL NAME | |
| Personal name | LEGOUPIL, J.C. |
| 245 ## - TITLE STATEMENT | |
| Title | La betterave à sucre dans le périmètre irrigué du Haut Chéliff |
| 260 ## - PUBLICATION, DISTRIBUTION, ETC. | |
| Name of publisher, distributor, etc | INRAA |
| 260 ## - PUBLICATION, DISTRIBUTION, ETC. | |
| Date of publication, distribution, etc | 1974 |
| 654 ## - SUBJECT ADDED ENTRY--FACETED TOPICAL TERM | |
| General subdivision | BETTERAVE SUCRIERE/SOL ARGILEUX/SOL CALCAIRE/PERIMETRE IRRIGUE/EXPERIMENTATION/PRODUCTION |
| 942 ## - ADDED ENTRY ELEMENTS (KOHA) | |
| Koha item type | Article |
| 994 ## - | |
| -- | 113786 |
| Withdrawn status | Lost status | Damaged status | Use restrictions | Not for loan | Home library | Current library | Cost, normal purchase price | Shelving control number | Total Checkouts | Total Renewals | Total Holds | Full call number | Barcode | Cost, replacement price | Koha item type |
|---|---|---|---|---|---|---|---|---|---|---|---|---|---|---|---|
| INRAA | INRAA | 0.00 | RA_2894 | RA_2894 2 | 0.00 | Article |